Queensland Rail - Statistics

General Stats
  • This quiz has been taken 12 times
  • The average score is 17 of 22
Answer Stats
Question Answer % Correct
What is the card for Queensland Rail transactions? Go Card
100%
What is the current permanent flat rate fare for all South-East Queensland lines? 50 cents
90%
What is the 'hub' station in the CBD? Central
90%
What colour is the Ipswich line on the Network Map? Green
90%
Is food and beverage allowed on the train? No
90%
Name one line that New Generation Rollingstock does not serve. Rosewood, Ferny Grove, Beenleigh
90%
Which line in the network is privately owned and operated? Airtrain
80%
What is the massive tunnel project called? Cross River Rail
80%
What is the shortest South-East Queensland line? Doomben
80%
Name a disused station. Exhibition, Tennyson
80%
What is a service that skips small stations called? Express service
80%
What line does Domestic Airport connect to? Gold Coast
80%
Which station is at the end of the Redcliffe Peninsula line? Kippa-Ring Station
80%
What is a train replacement service during track closures and major delays called? Rail bus
80%
What year did Electric Multiple Units FULLY retire? 2025
70%
Name a train with toilets available onboard. Interurban Multiple Unit, New Generation Rollingstock
70%
Which company manufactured new Generation Rollingstock? Bombardier
60%
What is the difference between the Suburban Multiple Unit and Interurban Multiple Unit? Interurban Multiple Unit has toilets available onboard.
60%
Which station is literally inside a shopping centre? Toowong Station
60%
What is the track gauge size? 1067mm (Narrow gauge)
50%
What is the high-speed service that runs from Brisbane to Rockhampton and Bundaberg? Electric Tilt Train
50%
Which company manufactured Suburban Multiple Unit 200? Walkers Limited
50%
No matching quizzes found
Score Distribution
Percent of People with Each Score
Percentile by Number Answered
Your Score History
You have not taken this quiz